Music Quiz

Random Music or Clickable Quiz

1980s Lyric Match V Quiz Stats

 Plays Quiz Updated Feb 19, 2016

Challenge
Share
Tweet
Embed
Score 0/24 Timer 07:00
22 Plays Today
% Correct
Another Brick in the Wall (Part 2)
94.5%
Sweet Dreams (Are Made of This)
90.9%
Footloose
86.2%
Physical
85.5%
Everybody Have Fun Tonight
81.1%
Centerfield
76.6%
Dancing in the Dark
75.9%
Somebody's Watching Me
72.9%
Abracadabra
72.7%
Raspberry Beret
72.3%
Arthur's Theme (Best That You Can Do)
71.9%
Islands in the Stream
69.9%
% Correct
That's What Friends Are For
69.6%
She's Like the Wind
69.4%
Don't Dream It's Over
69.3%
Somewhere Out There
63.2%
Centerfold
63.2%
Glory of Love
59.9%
9 to 5
57.8%
These Dreams
57.3%
Invisible Touch
56.8%
St. Elmo's Fire
49.3%
You Keep Me Hangin' On
49%
We Got the Beat
46.6%

You're not logged in!

Compare scores with friends on all Sporcle quizzes.
Join for Free
OR
Log In

You Might Also Like...

Show Comments

Extras

Top Quizzes Today


Score Distribution

Your Account Isn't Verified!

In order to create a playlist on Sporcle, you need to verify the email address you used during registration. Go to your Sporcle Settings to finish the process.

Report this User

Report this user for behavior that violates our Community Guidelines.

Details: